000 00482nam a2200169Ia 4500
999 _c26845
_d26845
003 OSt
005 20201221150546.0
008 190216s9999||||xx |||||||||||||| ||und||
040 _coclc
082 _a894.812
_bMEN/K
100 _aMenon, M S
_96735
245 0 _aKavi Kavitha Sahridayan /
_cM S Menon
260 _bKerala Sahithya Samithi,
_aCalicut:
_c1992.
300 _a202p
650 _aNiroopanam
942 _cBK
_2ddc
_h894.812
_iMEN/K
_k894.812
_mMEN/K